000 00918nam a22002177a 4500
999 _c19106
_d19106
003 AR-CdUCM
008 190516b ||||| |||| 00| 0 spa d
040 _aMUNICIPALIDAD PROVINCIAL DEL CUSCO
_cBIBLIOTECA MUNICIPAL DEL CUSCO
082 _a301.19 /
_bF93
100 _aFromm, Erich,
_915117
245 _aPsicoanálisis de la sociedad contemporánea :
_bHacia una sociedad sana /
260 _aMéxico :
_bFondo de Cultura Económica,
_c1956.
300 _a308 paginas ;
_c20 cm.
440 _aBiblioteca de psicología y psicoanálisis
_923276
505 _aContenido :¿Estamos sanos? --¿Puede estar enferma una sociedad ? --La situación humana --Salud mental y sociedad --El hombre en la sociedad capitalista ...
650 _aPsicoanálisis (Sociología)
_923192
650 _aPsicología social
_94539
650 _aCivilización contemporánea
_934667
942 _2ddc
_cLIBROS
945 _arjall
_d2019-05-16